معجم الأعلام و الموضوعات في القرآن الكريم / (رقم التسجيلة. 30319)

تفاصيل مارك
000 -LEADER
fixed length control field 00556nam a22001817a 4500
005 - DATE AND TIME OF LATEST TRANSACTION
control field 20251108165535.0
008 - FIXED-LENGTH DATA ELEMENTS--GENERAL INFORMATION
fixed length control field 250721s1995 xx 000 0 ara d
082 14 - DEWEY DECIMAL CLASSIFICATION NUMBER
Classification number م/211.1803/مرز
100 1# - MAIN ENTRY--PERSONAL NAME
Personal name مرزوق، عبد الصبور
245 10 - TITLE STATEMENT
Title معجم الأعلام و الموضوعات في القرآن الكريم /
264 1# - PRODUCTION, PUBLICATION, DISTRIBUTION, MANUFACTURE, AND COPYRIGHT NOTICE
Place of production, publication, distribution, manufacture بيروت :
Name of producer, publisher, distributor, manufacturer دار الشروق،
Date of production, publication, distribution, manufacture, or copyright notice 1995.
300 ## - PHYSICAL DESCRIPTION
Extent 3مج
650 17 - SUBJECT ADDED ENTRY--TOPICAL TERM
Topical term or geographic name as entry element القرآن الكريم
650 17 - SUBJECT ADDED ENTRY--TOPICAL TERM
Topical term or geographic name as entry element سور القرآن
650 17 - SUBJECT ADDED ENTRY--TOPICAL TERM
Topical term or geographic name as entry element القواميس
942 ## - ADDED ENTRY ELEMENTS (KOHA)
Source of classification or shelving scheme Dewey Decimal Classification
Koha item type مراجع
المقتنيات
حالة السحب حالة الفقدان مصدر التصنيف حالة التلف غير قابل للإعارة المكتبة الرئيسية المكتبة الحالية موقع الرف تاريخ التزويد الرقم المتسلسل Total Checkouts رقم الإستدعاء الباركود تاريخ آخر ظهور تاريخ الفاتورة نوع المادة (كوها)
    Dewey Decimal Classification   Not For Loan المكتبة المركزية المكتبة المركزية مراجع 06/07/2004 224742   م/211.1803/مرز 224742 28/07/2025 06/07/2004 مراجع
    Dewey Decimal Classification   Not For Loan المكتبة المركزية المكتبة المركزية مراجع 06/07/2004 224741   م/211.1803/مرز 224741 28/07/2025 06/07/2004 مراجع
    Dewey Decimal Classification   Not For Loan المكتبة المركزية المكتبة المركزية مراجع 06/07/2004 224740   م/211.1803/مرز 224740 28/07/2025 06/07/2004 مراجع
    Dewey Decimal Classification   Not For Loan مكتبة الأميرة ايمان العامة مكتبة الأميرة ايمان العامة مراجع 07/10/2013 [8091]   م/211.1803/مرز PLD00282565 28/07/2025 07/10/2013 مراجع
    Dewey Decimal Classification   Not For Loan مكتبة الأميرة ايمان العامة مكتبة الأميرة ايمان العامة مراجع 07/10/2013 [8092]   م/211.1803/مرز PLD00282566 28/07/2025 07/10/2013 مراجع
    Dewey Decimal Classification   Not For Loan مكتبة الأميرة ايمان العامة مكتبة الأميرة ايمان العامة مراجع 07/10/2013 [8093]   م/211.1803/مرز PLD00282567 28/07/2025 07/10/2013 مراجع
    Dewey Decimal Classification   Not For Loan مكتبة صويلح العامة مكتبة صويلح العامة مراجع 08/09/2019 0011218   م/211.1803/مرز PLD00466667 28/07/2025 08/09/2019 مراجع
    Dewey Decimal Classification   Not For Loan مكتبة صويلح العامة مكتبة صويلح العامة مراجع 08/09/2019 0011219   م/211.1803/مرز PLD00466669 28/07/2025 08/09/2019 مراجع
    Dewey Decimal Classification   Not For Loan مكتبة صويلح العامة مكتبة صويلح العامة مراجع 08/09/2019 0011220   م/211.1803/مرز PLD00466670 28/07/2025 08/09/2019 مراجع
Implemented & Customized by: BBB with SCIT (Smart Chains for Information Technology)

Powered by Koha